000
00216nam a22000857a 4500
008
161022b xxu||||| |||| 00| 0 eng d
100
_9
918
_a
Dumas.A.
245
_a
The Three Musketeers
260
_a
Newyork
_b
B.B. Publications
999
_c
3573
_d
3573